| 000 -LEADER |
| fixed length control field |
01066nam a2200205 a 4500 |
| 003 - CONTROL NUMBER IDENTIFIER |
| control field |
AR-BaISA |
| 005 - DATE AND TIME OF LATEST TRANSACTION |
| control field |
20250205150844.0 |
| 007 - PHYSICAL DESCRIPTION FIXED FIELD--GENERAL INFORMATION |
| fixed length control field |
ta |
| 008 - FIXED-LENGTH DATA ELEMENTS--GENERAL INFORMATION |
| fixed length control field |
250205s2020 ag ado|f ||||f000 0 spa d |
| 040 ## - CATALOGING SOURCE |
| Language of cataloging |
spa |
| Transcribing agency |
AR-BaISA |
| 082 04 - DEWEY DECIMAL CLASSIFICATION NUMBER |
| Edition number |
22 |
| Classification number |
362.829 M663a |
| 245 10 - TITLE STATEMENT |
| Title |
Atención de la salud integral de personas trans, travestis y no binarias: |
| Remainder of title |
guía para los equipos de salud |
| 260 ## - PUBLICATION, DISTRIBUTION, ETC. |
| Place of publication, distribution, etc. |
Buenos Aires: |
| Name of publisher, distributor, etc. |
Ministerio de Salud, |
| Date of publication, distribution, etc. |
2020 |
| 300 ## - PHYSICAL DESCRIPTION |
| Extent |
113 p.: |
| Other physical details |
il., graf., fotos. |
| 504 ## - BIBLIOGRAPHY, ETC. NOTE |
| Bibliography, etc. note |
Bibliografía p.: 104-113 |
| 505 ## - FORMATTED CONTENTS NOTE |
| Title |
El derecho a la identidad de género y a la atención de la salud integral: marco legal -- |
| -- |
Expresiones e identidades de género -- |
| -- |
Población trans y travesti: mapa de la situación sociosanitaria en Argentina -- |
| -- |
Salud integral de las personas trans, travestis y no binarias: abordaje desde el equipo de salud -- |
| -- |
Atención de la salud en relación a la construcción de la corporalidad y la expresión de género |
| 650 14 - SUBJECT ADDED ENTRY--TOPICAL TERM |
| 9 (RLIN) |
3318 |
| Topical term or geographic name entry element |
Atención integral de salud |
| 650 14 - SUBJECT ADDED ENTRY--TOPICAL TERM |
| 9 (RLIN) |
2922 |
| Topical term or geographic name entry element |
Perspectiva de genero |
| 942 ## - ADDED ENTRY ELEMENTS (KOHA) |
| Source of classification or shelving scheme |
|
| Koha item type |
Libros |
| Edition |
22 |